The handbook of business valuation and intellectual property analysis

Bibliographic Details
Main Author: Reilly,Robert F.
Other Authors: Schweihs, Robert P
Format: Book
Language:English
Published: New York : McGraw Hill , 2004
Subjects:

MARC

LEADER 00000cam a2200000 7i4500
001 0000019378
005 20090522.0
008 090521s -uka eng
020 |a 0071429670(pbk.) ,   |c RM390.59 
040 |a INS 
090 0 0 |a HG4028.V3   |b H36 2004 
100 1 |a Reilly,Robert F. 
245 1 4 |a The handbook of business valuation and intellectual property analysis   |c Robert F.Reilly,Robert P.Schweihs 
260 |a New York :   |b McGraw Hill ,   |c 2004 
300 |a cli,662p. :   |b ill. ;   |c 29cm. 
500 |a Includes index 
650 0 |a Business enterprises   |x Valuation 
650 0 |a Intellectual property   |x Valuation 
700 1 |a Schweihs, Robert P 
999 |a 0000020948   |b BOOK   |c Open Shelf   |e Default branch